000 01099cam a22002054a 4500
005 20250605164212.0
008 250528s ||||||||||||||||||||||||d
035 _a20325
020 _a1845160622
040 _aGR-AtMCL
_bgre
_dGR-AtMCL
_eAACR2
245 1 _aRisk Awareness and Corporate Governance / Second Edition
250 _a2nd
260 _bIfs School Of Finance,
_c2004
300 _a282
520 _aThis book examines how risk can be assessed and analyzed, and consequently the principles that underpin its control and containment. The Nature and Concept of Risk, Risk Assessment, Risk Analysis, Value at Risk, Control of Risk, Containment of Risk, Risk Management in Banks: The Basel Accord, Monitoring Control Systems, Managing Business Risks, Introduction to Corporate Governance, Background Company Law, Directors, Corporate Governance in the UK, The Board of Directors, Financial Reporting and Auditing, Directors' Remuneration, The Role of Shareholders in Corporate Governance, Index.
700 1 _aCoyle Brian
_96330
942 _cBK
999 _c5447
_d5447